Top Waste-Producing Countries per Capita - Statistics

General Stats
  • This quiz has been taken 29 times
  • The average score is 23 of 30
Answer Stats
Waste (Kg) Country % Correct
743 United States
92%
527 France
88%
787 New Zealand
88%
552 Australia
85%
575 Austria
85%
544 Finland
85%
619 Germany
85%
493 Italy
85%
512 Netherlands
85%
761 Norway
85%
468 Spain
85%
455 United Kingdom
85%
405 Belgium
81%
780 Denmark
81%
520 Greece
81%
611 Luxembourg
81%
444 Sweden
81%
709 Switzerland
81%
403 Estonia
77%
695 Iceland
77%
508 Portugal
77%
572 Ireland
73%
416 Latvia
73%
465 Lithuania
73%
479 Slovenia
73%
673 Israel
69%
410 Slovakia
69%
380 Bulgaria
65%
413 Turkey
58%
440 Chile
19%
No matching quizzes found
Score Distribution
Percent of People with Each Score
Percentile by Number Answered
Your Score History
You have not taken this quiz